| 000 | 00644nam a22001697a 4500 | ||
|---|---|---|---|
| 020 | _a978-81-265-2183-8 | ||
| 082 |
_a510 _bMUR/M |
||
| 100 | _aMURTI, GSN | ||
| 100 | _aSWAMY, UM | ||
| 245 |
_aMATHEMATICS FOR IIT-JEE _bTRIGNOMETRY, VECTOR, ALGEBRA, PROBABILITY VOL - 2 |
||
| 250 | _aFIRST EDITION | ||
| 260 |
_aDELHI _bWILEY INDIA PVT LTD _c2011 |
||
| 300 | _a595 | ||
| 520 | _aA MUST HAVE RESOURCE BOOK FOR IIT-JEE ASPIRANTS. CONCEPTUAL STRENGHT PROVIDED BY ACCURATE PRECISE BUT SUFFICIENT COVERAGE OF TOPICS. SOLVED AND UNSOLVED PROBLEMS AS PER IIT-JEE PATTERN FOR STRENGTHENING CONCEPTS. | ||
| 650 |
_aMATHS REFERENCE _zINDIA |
||
| 942 | _cBK | ||
| 999 |
_c1325 _d1325 |
||